Proezas del pensamiento

Uloženo v:
Podrobná bibliografie
Hlavní autoři: Thruelsen, R (Autor), Kobler, J (Autor)
Médium: Kniha
Jazyk:španělština
Vydáno: Ciudad de México Novaro 1965
Témata:
Tagy: Přidat tag
Žádné tagy, Buďte první, kdo vytvoří štítek k tomuto záznamu!

MARC

LEADER 00000nam a2200000 a 4500
001 UCS2222
003 CL-VaPUC
008 970523e19650000MX |||||||||||||||||spa|d
082 0 4 |a 102  |b THR  |2 21 
100 0 |a Thruelsen, R  |e author  |9 387385 
700 0 |a Kobler, J  |e author  |9 387386 
245 1 0 |a Proezas del pensamiento 
300 |a 699 p 
942 |c BK 
945 |d 19970523 00:00:00  |a paguirre 
260 |a Ciudad de México  |b Novaro  |c 1965 
650 0 |a Filosofía   |9 223554 
650 7 |a CONOCIMIENTO  |2 CL-VaPUC  |9 308991 
650 0 |a Cultura  |9 269059 
650 0 |a Ciencia  |9 255691 
650 0 |a Actividades científicas  |9 340111 
583 |a last modification  |c 19970523 00:00:00  |k Rodrigo Vera 
999 |c 260200  |d 260198 
952 |0 0  |1 0  |4 0  |6 102_000000000000000_THR_1965  |7 0  |8 A  |9 286100  |a BIBDER  |b BIBDER  |d 2019-11-19  |i 1859722  |o 102 THR 1965  |p 1859722  |r 2023-01-25  |w 2019-11-19  |y BK  |k DER